Fighting for your marriage : (Record no. 10596)

MARC details
000 -LEADER
fixed length control field 04198cam a2200469Li 4500
001 - CONTROL NUMBER
control field 45728948
003 - CONTROL NUMBER IDENTIFIER
control field OCoLC
005 - DATE AND TIME OF LATEST TRANSACTION
control field 20250129125239.0
006 - FIXED-LENGTH DATA ELEMENTS--ADDITIONAL MATERIAL CHARACTERISTICS
fixed length control field m o d
007 - PHYSICAL DESCRIPTION FIXED FIELD--GENERAL INFORMATION
fixed length control field cr cn|
008 - FIXED-LENGTH DATA ELEMENTS--GENERAL INFORMATION
fixed length control field 001009t19941994caua ob 001 0 eng d
020 ## - INTERNATIONAL STANDARD BOOK NUMBER
Canceled/invalid ISBN 0787902802
035 ## - SYSTEM CONTROL NUMBER
System control number (OCoLC)45728948
040 ## - CATALOGING SOURCE
Original cataloging agency N$T
Language of cataloging eng
Description conventions rda
Transcribing agency N$T
Modifying agency OCL
-- OCLCQ
-- YDXCP
-- OCLCG
-- OCLCQ
-- EXW
-- OCLCQ
-- TUU
-- OCLCQ
-- TNF
-- TLS
-- NEG
-- OCLCO
072 #7 - SUBJECT CATEGORY CODE
Subject category code SOC
Subject category code subdivision 026010
Source bisacsh
082 04 - DEWEY DECIMAL CLASSIFICATION NUMBER
Classification number 306.81
Item number MAR 1
100 1# - MAIN ENTRY--PERSONAL NAME
Personal name Markman, Howard,
Dates associated with a name 1950-
Authority record control number or standard number http://id.loc.gov/authorities/names/n93045054
245 10 - TITLE STATEMENT
Title Fighting for your marriage :
Remainder of title positive steps for preventing divorce and preserving a lasting love /
Statement of responsibility, etc. Howard Markman, Scott Stanley, Susan L. Blumberg ; with a foreword by Dean S. Edell.
250 ## - EDITION STATEMENT
Edition statement 1st ed
250 ## - EDITION STATEMENT
Edition statement 1st ed
264 #1 - PRODUCTION, PUBLICATION, DISTRIBUTION, MANUFACTURE, AND COPYRIGHT NOTICE
Place of production, publication, distribution, manufacture San Francisco :
Name of producer, publisher, distributor, manufacturer Jossey-Bass,
Date of production, publication, distribution, manufacture, or copyright notice [1994]
264 #4 - PRODUCTION, PUBLICATION, DISTRIBUTION, MANUFACTURE, AND COPYRIGHT NOTICE
Date of production, publication, distribution, manufacture, or copyright notice ©1994
300 ## - PHYSICAL DESCRIPTION
Extent (xv, 331 pages) :
Other physical details illustrations
336 ## - CONTENT TYPE
Content type term text
Content type code txt
Source rdacontent
337 ## - MEDIA TYPE
Media type term computer
Media type code c
Source rdamedia
338 ## - CARRIER TYPE
Carrier type term online resource
Carrier type code cr
Source rdacarrier
340 ## - PHYSICAL MEDIUM
Color content polychrome
Source rdacc
Authority record control number or standard number http://rdaregistry.info/termList/RDAColourContent/1003
504 ## - BIBLIOGRAPHY, ETC. NOTE
Bibliography, etc. note Includes bibliographical references (pages 321-324) and index
506 ## - RESTRICTIONS ON ACCESS NOTE
Terms governing access Available to OhioLINK libraries
520 1# - SUMMARY, ETC.
Summary, etc. "All you need is love, right? Wrong. The authors of Fighting for Your Marriage contend that conflict in intimate relationships is as normal and essential as love. How you fight and resolve conflicts determines the difference between a sustained healthy and satisfying marriage or endless pain, frustration, and often divorce. At a time when families are falling apart at alarming rates and with enormous social cost, we now have a research-based program to prevent relationship breakdown." "With a fresh and unique perspective, the authors combine their twenty years of university-based research and counseling experiences with thousands of couples - from newly engaged to veteran - to present the powerful, proven strategies of the highly acclaimed PREP (Prevention and Relationship Enhancement Program) approach for helping couples beat the odds and master the skills that can prevent marital distress and divorce. They reveal, for example, research that highlights the major difference between men and women in relationships - it's the way they fight - and how shared commitment is essential for fair fighting between partners." "At the end of each chapter, the authors provide engaging exercises for practicing sensible new tactics for dealing with minor irritations or tough and sensitive issues. Step by step, they describe how to establish ground rules that provide the safety and structure needed to handle issues well." "The authors offer wisdom, real-life examples, and specific guidance on how couples can enhance, fortify, or restore their fun, friendship, sensuality, and spirituality for a meaningful lifetime together."--BOOK JACKET
650 #0 - SUBJECT ADDED ENTRY--TOPICAL TERM
Topical term or geographic name entry element Marriage.
Authority record control number or standard number http://id.loc.gov/authorities/subjects/sh85081416
650 #0 - SUBJECT ADDED ENTRY--TOPICAL TERM
Topical term or geographic name entry element Interpersonal relations.
Authority record control number or standard number http://id.loc.gov/authorities/subjects/sh85067484
650 #0 - SUBJECT ADDED ENTRY--TOPICAL TERM
Topical term or geographic name entry element Interpersonal communication.
Authority record control number or standard number http://id.loc.gov/authorities/subjects/sh85067481
655 #4 - INDEX TERM--GENRE/FORM
Genre/form data or focus term Electronic books.
700 1# - ADDED ENTRY--PERSONAL NAME
Personal name Stanley, Scott,
Dates associated with a name 1955-
Authority record control number or standard number http://id.loc.gov/authorities/names/n94021421
700 1# - ADDED ENTRY--PERSONAL NAME
Personal name Blumberg, Susan L.,
Dates associated with a name 1959-
Authority record control number or standard number http://id.loc.gov/authorities/names/n94021422
710 2# - ADDED ENTRY--CORPORATE NAME
Corporate name or jurisdiction name as entry element Ohio Library and Information Network.
Authority record control number or standard number http://id.loc.gov/authorities/names/no95058981
776 08 - ADDITIONAL PHYSICAL FORM ENTRY
Relationship information Print version:
Main entry heading Markman, Howard, 1950-
Title Fighting for your marriage.
Edition 1st ed.
Place, publisher, and date of publication San Francisco : Jossey-Bass, c1994
International Standard Book Number 0787902802
Record control number (DLC) 94009277
-- (OCoLC)30027331
856 40 - ELECTRONIC LOCATION AND ACCESS
Materials specified EBSCOhost (OhioLINK access limited to 1 user at a time. Try again later if not working.)
Uniform Resource Identifier <a href="http://search.ebscohost.com/login.aspx?direct=true&scope=site&db=nlebk&db=nlabk&AN=26055">http://search.ebscohost.com/login.aspx?direct=true&scope=site&db=nlebk&db=nlabk&AN=26055</a>
Public note Connect to resource
856 40 - ELECTRONIC LOCATION AND ACCESS
Materials specified EBSCOhost (OhioLINK access limited to 1 user at a time. Try again later if not working.)
Uniform Resource Identifier <a href="https://go.ohiolink.edu/goto?url=http://search.ebscohost.com/login.aspx?direct=true&scope=site&db=nlebk&db=nlabk&AN=26055">https://go.ohiolink.edu/goto?url=http://search.ebscohost.com/login.aspx?direct=true&scope=site&db=nlebk&db=nlabk&AN=26055</a>
Public note Connect to resource (off-campus)
942 ## - ADDED ENTRY ELEMENTS (KOHA)
Source of classification or shelving scheme Dewey Decimal Classification
Koha item type Books
Suppress in OPAC No
Holdings
Withdrawn status Lost status Source of classification or shelving scheme Damaged status Not for loan Home library Current Library Shelving location Date acquired Total checkouts Total renewals Full call number Barcode Date last seen Date last checked out Copy number Price effective from Koha item type
    Dewey Decimal Classification     GRACE BIBLE COLLEGE GRACE BIBLE COLLEGE General Studies 2025-01-29 1 1 306.81 MAR 020969 2025-10-03 2025-09-23 c.1 2025-01-29 Books
© Grace Bible College Library 2025